Comparative proteomic analysis of the Hevea brasiliensis latex under ethylene and calcium stimulation (Record no. 55944)
[ view plain ]
| 000 -LEADER | |
|---|---|
| fixed length control field | 00695nam a2200265Ia 4500 |
| 100 ## - MAIN ENTRY--AUTHOR NAME | |
| Personal name | Wu B |
| 245 #0 - TITLE STATEMENT | |
| Title | Comparative proteomic analysis of the Hevea brasiliensis latex under ethylene and calcium stimulation |
| 260 ## - PUBLICATION, DISTRIBUTION, ETC. (IMPRINT) | |
| Name of publisher | Protein & Peptide Letters |
| Year of publication | 2019 |
| 500 ## - GENERAL NOTE | |
| General note | Source Year: 2019 |
| 650 ## - SUBJECT ADDED ENTRY--TOPICAL TERM | |
| Topical Term | Hevea brasiliensis |
| 650 ## - SUBJECT ADDED ENTRY--TOPICAL TERM | |
| Topical Term | Proteomic analysis |
| 700 ## - ADDED ENTRY--PERSONAL NAME | |
| Personal name | |
| 700 ## - ADDED ENTRY--PERSONAL NAME | |
| Personal name | Gao L |
| 700 ## - ADDED ENTRY--PERSONAL NAME | |
| Personal name | He P |
| 700 ## - ADDED ENTRY--PERSONAL NAME | |
| Personal name | Sun Y |
| 700 ## - ADDED ENTRY--PERSONAL NAME | |
| Personal name | Wang D |
| 700 ## - ADDED ENTRY--PERSONAL NAME | |
| Personal name | Wang G |
| 700 ## - ADDED ENTRY--PERSONAL NAME | |
| Personal name | Wei J |
| 700 ## - ADDED ENTRY--PERSONAL NAME | |
| Personal name | Wu M |
| 700 ## - ADDED ENTRY--PERSONAL NAME | |
| Personal name | Wu W |
| 700 ## - ADDED ENTRY--PERSONAL NAME | |
| Personal name | Xio J |
| 856 ## - ELECTRONIC LOCATION AND ACCESS | |
| Uniform Resource Identifier | (doi:10.2174/0929866526666190614105856) |
| 942 ## - ADDED ENTRY ELEMENTS (KOHA) | |
| Koha item type | Journals |
| 700 ## - ADDED ENTRY--PERSONAL NAME | |
| -- | ang X |
| Withdrawn status | Lost status | Damaged status | Not for loan | Home library | Current library | Shelving location | Date acquired | Serial Enumeration / chronology | Koha item type |
|---|---|---|---|---|---|---|---|---|---|
| Journals | RRII Library | RRII Library | Physiology | 17/12/2021 | Volume 26, Issue 11 | Journals |